000 00453nam a2200169Ia 4500
003 GCL
008 140319s9999 xx 000 0 eng d
040 _aGCL /
_cGCL
082 0 4 _a547
_bS O
100 1 _aSOLOMONS, T. W. GRAHAM
245 1 0 _aORGANIC CHEMISTRY, 5TH ED /
_cSOLOMONS, T. W. GRAHAM
260 _a[S.N] :
_bJOHN WILEY AND SONS. INC ،
_c1992
300 _a1198 P
650 0 4 _aCHEMISTRY
650 0 4 _aORGANIC CHEMISTRY
942 _2ddc
_cBK
999 _c20625
_d20625